000 00651cam a2200253 4500
008 000000n1999 000 0 eng u
020 _a1902633075
035 _a(Sirsi) u100115
041 _aENG
050 _a306.11
100 _aCrook, A. D. H.
245 _aFinancial institutions and private rented housing
260 _aYork
_bYork Publishing Services Ltd
_c1999
300 _ax, 60p. ; 28cm.
350 _a13.95
650 _aRENTING
650 _aHOUSING
650 _aFINANCE AND INVESTMENT
650 _aPRIVATE LANDLORDS
650 _aPRIVATE RENTED SECTOR
690 _aHOUSING
700 _aKemp, Peter A.
942 _n0
999 _c99602
_d99602